[Event "Creon op 11th"]
[Site "Creon"]
[Date "2006.08.03"]
[Round "5"]
[White "Lhermenot, Franck"]
[Black "Saucey, Capucine"]
[Result "0-1"]
[WhiteElo "1880"]
[BlackElo "1660"]
[PlyCount "74"]
[EventDate "2006.07.31"]
[EventType "swiss"]
[EventRounds "9"]
[EventCountry "FRA"]
[SourceTitle "CBM 113 Extra"]
[Source "ChessBase"]
[SourceDate "2006.09.14"]
[SourceVersion "1"]
[SourceVersionDate "2006.09.14"]
[SourceQuality "1"]

1. f4 d5 2. Nf3 c5 3. b3 Nf6 4. e3 e6 5. Bb2 Bd6 6. Be2 0-0 7. 0-0 Nbd7 8. Ne5 Re8 9. Qe1 Nf8 10. Qg3 Ng6 11. d3 Qc7 12. Nd2 b6 13. Ndf3 Nh5 14. Qf2 d4 15. Nxd4 cxd4 16. Bxh5 dxe3 17. Qxe3 Qxc2 18. Bxg6 hxg6 19. Nc4 Bc5 20. d4 Be7 21. g4 Bb7 22. Rf2 Qe4 23. Qxe4 Bxe4 24. Nd2 Bd5 25. f5 Bh4 26. Rff1 exf5 27. Nf3 Bxf3 28. Rxf3 fxg4 29. Rf4 f5 30. d5 Re2 31. Ba3 Rc8 32. Rd1 Rcc2 33. d6 Rxa2 34. Bb4 Rg2+ 35. Kh1 Rxh2+ 36. Kg1 Rag2+ 37. Kf1 Rh1+ 0-1